Statistics for European Geography True Or False #1

Click here to take the quiz!

General Stats

  • This quiz has been taken 468 times
  • The average score is 10 of 15

Answer Stats

QuestionAnswer% Correct
Sofia is the capital of BulgariaTrue
98%
Most Of Austria Can Speak Fluent GermanTrue
95%
The capital of Estonia is TallinnTrue
92%
Copenhagen Is A Coastal CityTrue
89%
Turkey Is Part Of The European UnionFalse
82%
Mount Elbrus, a dormant volcano, is located in ItalyFalse
70%
Vaduz, though the capital of Liechtenstein, is actually not the largest city by population of LiechtensteinTrue
64%
The 2nd most visited country in Europe is SpainTrue
64%
The name of the language primarily spoken in Slovenia is Czech, with a slovenian accent and some slovenian words to replace Czech wordsFalse
61%
Estonia borders exactly only three countriesFalse
56%
Their are 7 European MicronationsFalse
52%
50% Of European Countries Are In NatoFalse
41%
Albania is part of NATOTrue
39%
Barcelona has a bigger population than KievFalse
37%
Oslo has a bigger population than HelsinkiFalse
32%

Score Distribution

Percentile by Number Answered

Percent of People with Each Score

Your Score History

You have not taken this quiz